000 01259nam a2200385 c 4500
001 14730
003 ES-MaCES
005 20141221122328.0
008 030325s2002 sp d t o000 | spa d
017 _aM 48429-2002
_bDL
020 _a8481881724
035 _aCES20030002754m
040 _aES-MaCES
_bspa
_cES-MaCES
100 1 _aRoqueta Buj, Remedios
_922614
245 1 3 _aLa protección social de los trabajadores a tiempo parcial
_cRemedios Roquetaa Buj
250 _a1ª ed
260 _aMadrid
_bConsejo Económico y Social
_c2002
300 _a177 p.
_c23 cm
490 1 _aColección Estudios
_v136
504 _aBibliografía: p. 157-164
541 _cGratuito
650 4 _aprotección social
_929076
650 4 _aseguridad social
_927034
650 4 _acotizaciones
_930106
650 4 _aempleo a tiempo parcial
_926772
650 4 _atrabajador a tiempo parcial
_929815
650 4 _aEspaña
_926964
650 4 _arégimen jurídico
_929894
653 1 0 _aSeguridad Social
710 2 _aConsejo Económico y Social (España)
_eed.
_92408
830 0 _aColección Estudios (Consejo Económico y Social (España))
_v136
_932341
902 _aLIB Libro
942 _2CES
_cBK
_h3.0.
999 _c14730
_d14730